| 000 | 01194nam a22003497a 4500 | ||
|---|---|---|---|
| 003 | CHAP | ||
| 005 | 20220329140617.0 | ||
| 008 | 971013s1984 r 00010 d | ||
| 010 | _a54721 | ||
| 011 | _a55693 | ||
| 035 | _a59845 | ||
| 040 | _cCHAP | ||
| 090 | _aFolleto 9925 | ||
| 100 | 0 | 0 |
_aWillett, I.R. _9122004 |
| 245 | _aEffects of lime-treated sewage sludge on soil properties and plant growth | ||
| 260 |
_aMelbourne : _bCommonwealth Scientific and Industrial Research Ogranization, _c1984 |
||
| 300 |
_a26 p. _b; gráfs. |
||
| 490 |
_aDivisional report _v; 67 |
||
| 590 |
_aBATCH-UPD _b10 _c20130110 _lUCH01 _h0414 |
||
| 590 |
_aBATCH-UPD _b10 _c20130110 _lUCH01 _h2231 |
||
| 590 |
_aBATCH-UPD _b10 _c20130410 _lUCH01 _h0048 |
||
| 590 |
_aBATCH-UPD _b10 _c20130914 _lUCH01 _h0056 |
||
| 590 |
_aCONVERSION _b10 _c20130109 _lUCH01 _h1330 |
||
| 650 | 1 | 4 |
_aAguas residuales como fertilizante. _92590 |
| 650 | 1 | 4 |
_aCalcio _xEfecto en suelos. _917338 |
| 650 | 1 | 4 |
_aPlantas _xCrecimiento _xAditivos. _988804 |
| 650 | 1 | 4 |
_aSuelos _xQuímica de. _9110470 |
| 830 | 0 |
_aDivisional report _v; 67 _933024 |
|
| 901 | _aBK | ||
| 942 | _cFOLL | ||
| 949 |
_aFolleto 9925 _bBC _cFOLL _d-129244 _eTS1 _i59845 _mD _si |
||
| 999 |
_c54721 _d54721 |
||